Statistics for Egypt Country Quiz

Click here to take the quiz!

General Stats

  • This quiz has been taken 26 times
  • The average score is 8 of 10

Answer Stats

QuestionAnswer% Correct
How many Seas does Egypt Border?2
100%
How many borders does Egypt have?3
100%
What is the Capital of Egypt?Cairo
100%
What is the main River in Egypt?Nile
100%
How many colours are on the Egyptian flag?4
95%
What is the main Religion of Egypt?Islam
77%
What is the main language in Egypt?Arabic
73%
How many UNESCO sites does Egypt have?7
68%
How many pyramids are in Egypt?118
23%
What is the Egyptian National Dish?Koshari
18%

Score Distribution

Percentile by Number Answered

Percent of People with Each Score

Your Score History

You have not taken this quiz